Declaracion y extension sobre las ordenanzas que escriviò Juan de Torija, Aparejador de obras Reales y de las que se practican en las Ciudades de Toledo y Sevilla, con algunas advertencias à los Alarifes y Particulares y otros capitulos añadidos à la perfecta inteligencia de la materia, que todo se cifra en el govierno politico de las fabricas / (Record no. 55217)

MARC details
000 -LEADER
campo de control de longitud fija 01306nam a2200289 i 4500
001 - NÚMERO DE CONTROL
campo de control C00058353c
005 - FECHA Y HORA DE LA ÚLTIMA TRANSACCIÓN
campo de control 20241029150514.0
008 - DATOS DE LONGITUD FIJA--INFORMACIÓN GENERAL
campo de control de longitud fija 080417s1719 sp 1 spa d
100 1# - ENTRADA PRINCIPAL--NOMBRE DE PERSONA
Nombre de persona Ardemans, Teodoro (
Fechas asociadas al nombre 1664-1726)
9 (RLIN) 29306
245 10 - MENCIÓN DEL TÍTULO
Título Declaracion y extension sobre las ordenanzas que escriviò Juan de Torija, Aparejador de obras Reales y de las que se practican en las Ciudades de Toledo y Sevilla, con algunas advertencias à los Alarifes y Particulares y otros capitulos añadidos à la perfecta inteligencia de la materia, que todo se cifra en el govierno politico de las fabricas /
Mención de responsabilidad, etc. por Don Teodoro Ardemans.
260 ## - PUBLICACIÓN, DISTRIBUCIÓN, ETC.
Lugar de publicación, distribución, etc. En Madrid :
Nombre del editor, distribuidor, etc. por Francisco del Hierro,
Fecha de publicación, distribución, etc. 1719.
300 ## - DESCRIPCIÓN FÍSICA
Extensión [32], 288 p. :
Otras características físicas il. ;
Dimensiones 4º (21 cm)
500 ## - NOTA GENERAL
Nota general CCPB000065396-9, REBIUN1776084, BN3/36859.
500 ## - NOTA GENERAL
Nota general Sign.: a-d4, A-Z4, 2A-2N4.
500 ## - NOTA GENERAL
Nota general Port. con orla tip.
500 ## - NOTA GENERAL
Nota general Viñeta xil. en p. 210.
500 ## - NOTA GENERAL
Nota general Apostillas marginales mss. en p. 99.
500 ## - NOTA GENERAL
Nota general Enc. perg.
650 ## - PUNTO DE ACCESO ADICIONAL DE MATERIA--TÉRMINO DE MATERIA
Término de materia o nombre geográfico como elemento de entrada Urbanismo-
Subdivisión geográfica España-
-- Madrid-
Subdivisión cronológica S. XVIII.
9 (RLIN) 76949
650 ## - PUNTO DE ACCESO ADICIONAL DE MATERIA--TÉRMINO DE MATERIA
Término de materia o nombre geográfico como elemento de entrada Ordenanzas municipales-
Subdivisión geográfica España-
Subdivisión cronológica S. XVIII.
9 (RLIN) 97844
700 1# - ENTRADA AGREGADA--NOMBRE PERSONAL
Nombre de persona Torija, Juan de.
9 (RLIN) 39581
700 1# - ENTRADA AGREGADA--NOMBRE PERSONAL
Nombre de persona Hierro, Francisco del.
9 (RLIN) 35727
752 ## - ENTRADA AGREGADA--NOMBRE JERÁRQUICO DEL LUGAR
País o entidad superior España -
Ciudad Madrid
852 4# - LOCALIZACIÓN
Número de control de estantería B-1811
Holdings
Estatus retirado Estado de pérdida Estado de daño No para préstamo Colección Biblioteca de origen Biblioteca actual Ubicación en estantería Fecha de adquisición Fuente de adquisición Total de préstamos Signatura topográfica completa Código de barras Visto por última vez Precio de reemplazo Tipo de ítem Koha
          Real Academia de la Bellas Artes de San Fernando Real Academia de la Bellas Artes de San Fernando Depósito 1 17/04/2008 O   B-1811 1061650 15/10/2024 15/10/2024 Fondo antiguo

Powered by Koha